Working conditions in rail transport
Sparad:
| Institutionell upphovsman: | |
|---|---|
| Materialtyp: | Bok |
| Språk: | Undetermined |
| Publicerad: |
Geneva
International Labour Office
1979
|
| Ämnen: | |
| Taggar: |
Lägg till en tagg
Inga taggar, Lägg till första taggen!
|
| Thư viện lưu trữ: | Trung tâm Học liệu Trường Đại học Cần Thơ |
|---|
| LEADER | 00592nam a2200181Ia 4500 | ||
|---|---|---|---|
| 001 | CTU_84443 | ||
| 008 | 210402s9999 xx 000 0 und d | ||
| 082 | |a 331.2 | ||
| 082 | |b I.61 | ||
| 110 | |a International Labour Organisation. Inland Transport Committee. | ||
| 245 | 0 | |a Working conditions in rail transport | |
| 245 | 0 | |c International Labour Organisation. Inland Transport Committee | |
| 260 | |a Geneva | ||
| 260 | |b International Labour Office | ||
| 260 | |c 1979 | ||
| 650 | |a Railroads employees | ||
| 904 | |i Qhieu(sửa) | ||
| 980 | |a Trung tâm Học liệu Trường Đại học Cần Thơ | ||